[Event "AUTO-OPEN-4556"]
[Site "http://www.queenalice.com/game.php?id=1845940"]
[Date "2024.10.22"]
[Round "1"]
[White "harvir"]
[Black "yasseryack"]
[Result "0-1"]
[WhiteElo "1373"]
[BlackElo "1901"]

1. h4 c5 2. a4 e6 3. g4 Nc6 4. Nf3 b6 5. Bg2 Bb7 6. d4 Nxd4 7. Nxd4 Bxg2 8. Nxe6
dxe6 9. Rh2 Qxd1+ 10. Kxd1 Bc6 11. Bf4 O-O-O+ 12. Kc1 Rd4 13. e3 Rxa4 14. Rxa4
Bxa4 0-1

[Event "AUTO-OPEN-4556"]
[Site "http://www.queenalice.com/game.php?id=1845941"]
[Date "2024.10.22"]
[Round "1"]
[White "yasseryack"]
[Black "NickThorp"]
[Result "1-0"]
[WhiteElo "1905"]
[BlackElo "1557"]

1. f4 f5 2. d3 d5 3. Nf3 c6 4. c3 e6 5. g3 Nf6 6. Bg2 Bc5 7. e3 O-O 8. O-O h6 9.
b4 Bb6 10. Ne5 Nbd7 11. Nxd7 Qxd7 12. Qe2 a6 13. a4 Ng4 14. Bf3 Qd6 15. Bxg4
fxg4 16. Qxg4 e5 17. Qh4 exf4 18. gxf4 a5 19. Ra2 axb4 20. c4 dxc4 21. dxc4 Qg6+
22. Rg2 Qf6 23. Qxf6 Rxf6 24. Rf3 Bf5 25. Nd2 Rxa4 26. Nb3 Be4 27. Rxg7+ Kxg7
28. Rg3+ Kh7 29. c5 Ba7 30. Bb2 Ra2 31. Bxf6 h5 32. Rg5 Bg6 33. f5 Bxf5 34. Rxf5
Kg6 35. e4 Rb2 36. Bxb2 Bb8 37. Na5 Ba7 38. Nxb7 b3 39. Na5 h4 40. Nxc6 Bxc5+
41. Rxc5 1-0

[Event "AUTO-OPEN-4556"]
[Site "http://www.queenalice.com/game.php?id=1845942"]
[Date "2024.10.22"]
[Round "1"]
[White "NickThorp"]
[Black "yasseryack"]
[Result "0-1"]
[WhiteElo "1557"]
[BlackElo "1907"]

1. e4 c5 2. Nc3 e6 3. Bb5 Be7 4. d3 a6 5. Ba4 Qc7 6. Nf3 Nf6 7. Bg5 O-O 8. O-O
d6 9. Qd2 b5 10. Bb3 Nc6 11. a3 Na5 12. Ba2 Rb8 13. b4 cxb4 14. axb4 Nc6 15. Bb3
Nxb4 16. e5 Nfd5 17. Nxd5 exd5 18. Qxb4 Bxg5 19. Nxg5 dxe5 20. Bxd5 Bb7 21. Bxb7
Qxb7 22. Rfe1 Qc7 23. Rxa6 h6 24. Ne4 Rfd8 25. Rd6 Rxd6 26. Nxd6 Qxc2 27. Nxb5
Qxd3 28. h3 Rxb5 29. Qe4 Qxe4 30. Rxe4 f5 31. Re2 Kf7 32. f3 Kf6 33. Kh2 g5 34.
g4 Rb3 35. Kg2 Rb4 36. gxf5 Kxf5 37. Kg3 h5 38. Re3 h4+ 39. Kf2 Kf4 40. Rd3 Rb2+
41. Kg1 Kg3 42. f4+ Kxf4 43. Kf1 e4 44. Ra3 e3 45. Ke1 Rh2 46. Rd3 Rxh3 47. Rd4+
Kf3 48. Rd3 Rh1# 0-1

[Event "Challenge"]
[Site "http://www.queenalice.com/game.php?id=1847423"]
[Date "2024.11.19"]
[Round "-"]
[White "jogo"]
[Black "yasseryack"]
[Result "0-1"]
[WhiteElo "1832"]
[BlackElo "1878"]

1. e4 c5 2. Nf3 b6 3. d4 cxd4 4. Nxd4 Bb7 5. f3 g6 6. Be3 Bg7 7. Qd2 Nc6 8. Nxc6
Bxc6 9. Bc4 d6 10. Bd4 Bh6 11. Qc3 e5 12. Bxe5 dxe5 13. Qxe5+ Kf8 14. Qxh8 Qg5
15. Qxh7 Qc1+ 16. Kf2 Qxc2+ 17. Kg3 Qxc4 18. Na3 Qd4 19. Rab1 Qe5+ 20. Kf2 Qf4
21. Rbe1 Nf6 22. Qh8+ Ke7 23. g3 Qd2+ 24. Re2 Qd4+ 0-1

[Event "AUTO-ADV-4835"]
[Site "http://www.queenalice.com/game.php?id=1849433"]
[Date "2024.12.29"]
[Round "1"]
[White "maurice916"]
[Black "yasseryack"]
[Result "0-1"]
[WhiteElo "1927"]
[BlackElo "1962"]

1. Nf3 c5 2. b3 b6 3. Bb2 Bb7 4. e3 e6 5. Be2 d6 6. O-O Nh6 7. d4 Bxf3 8. Bxf3
d5 9. Nd2 Be7 10. c4 O-O 11. cxd5 exd5 12. dxc5 Bxc5 13. Re1 Nc6 14. Nf1 Ne7 15.
a3 Rc8 16. b4 Bd6 17. Qd4 Nhf5 18. Qg4 Rc4 19. Qg5 h6 20. Qh5 Rh4 21. Qxh4 Nxh4
22. Be2 Neg6 23. g3 Nf5 24. Red1 Bc7 25. Rac1 Re8 26. Bb5 Re6 27. Bc4 Rd6 28.
Bb3 b5 29. Rd2 Bb6 30. Rcd1 Nfe7 31. Bd4 Bxd4 32. Rxd4 Ne5 33. Kg2 Qd7 34. Nd2
Qc6 35. Nf3 Nc4 36. Bxc4 bxc4 37. Ne5 Qe8 38. Rxc4 dxc4 39. Rxd6 c3 40. Nd3 Nf5
41. Rd5 Qe4+ 0-1

[Event "AUTO-ADV-4835"]
[Site "http://www.queenalice.com/game.php?id=1849434"]
[Date "2024.12.29"]
[Round "1"]
[White "yasseryack"]
[Black "maurice916"]
[Result "0-1"]
[WhiteElo "2010"]
[BlackElo "1939"]

1. f4 c6 2. Nf3 Nf6 3. g3 d5 4. Bg2 Bg4 5. O-O e6 6. d3 Be7 7. Ne5 h6 8. Nxg4
Nxg4 9. e4 Nf6 10. e5 Nfd7 11. Nc3 Nf8 12. Qe2 Nh7 13. b3 Na6 14. a3 O-O 15. Bb2
Re8 16. Na4 Nc7 17. Rad1 b6 18. c4 Nf8 19. Bc1 b5 20. Nc3 d4 21. Ne4 c5 22. cxb5
Nxb5 23. Bb2 Rb8 24. Rc1 Rc8 25. f5 exf5 26. Rxf5 Ne6 27. Qg4 Bg5 28. Rcf1 Be3+
29. Kh1 Re7 30. Rxf7 Rxf7 31. Nf6+ Kh8 32. Qxe6 Rcc7 33. Qc4 Qb8 34. e6 Rxf6 35.
Rxf6 gxf6 36. Qd5 Rc8 37. e7 Re8 38. Qf7 Nd6 39. Qxf6+ Kh7 40. Bd5 Qc7 41. Be4+
Nxe4 42. Qf5+ Kg7 43. Qxe4 Rxe7 44. Qg4+ Kh7 45. a4 Qc6+ 46. Qe4+ Qxe4+ 47. dxe4
Rxe4 48. Kg2 Bd2 49. Ba3 Bb4 50. Bc1 Re2+ 51. Kf3 Rxh2 52. Bf4 Rb2 53. Ke4 Rxb3
54. Bc7 a5 55. Kd5 Ra3 56. g4 d3 57. Bf4 Kg6 58. Kc4 d2 59. Bxd2 Bxd2 60. Kxc5
Rxa4 0-1

[Event "AUTO-ADV-4835"]
[Site "http://www.queenalice.com/game.php?id=1849445"]
[Date "2024.12.29"]
[Round "1"]
[White "miguel7"]
[Black "yasseryack"]
[Result "1-0"]
[WhiteElo "1841"]
[BlackElo "1962"]

1. e4 c5 2. Bc4 e6 3. d4 Nc6 4. d5 Ne5 5. Nd2 Nf6 6. Ngf3 Nxc4 7. Nxc4 Nxe4 8.
Be3 d6 9. dxe6 Bxe6 10. Ncd2 Nxd2 11. Qxd2 Be7 12. O-O Qd7 13. Rad1 O-O-O 14. h3
Qc6 15. Bg5 f6 16. Rfe1 d5 17. Ne5 Qd6 18. Nc4 Qa6 19. Ne5 fxg5 20. Nf7 Bxf7 21.
Rxe7 Qf6 22. Re3 d4 23. Rf3 Qg6 24. Qa5 Bd5 25. Qxc5+ Kb8 26. Ra3 b6 27. Qb4 Qe4
28. f3 Qxc2 29. Rxd4 Rhf8 30. Rxd5 Rxd5 31. Qxf8+ Kb7 32. Qf7+ Qc7 33. Qxd5+ Kb8
34. Rc3 Qe7 35. Qg8+ Kb7 36. Qxh7 b5 37. Qf5 Kb6 38. Qc8 Qe1+ 39. Kh2 Qe5+ 40.
f4 Qxf4+ 41. Rg3 Qe5 42. b4 Qf4 43. Qc5+ Kb7 44. Qxb5+ Kc8 45. Qxg5 Qxb4 46.
Qg4+ Qxg4 47. Rxg4 Kb7 48. Rxg7+ 1-0

[Event "AUTO-ADV-4835"]
[Site "http://www.queenalice.com/game.php?id=1849446"]
[Date "2024.12.29"]
[Round "1"]
[White "yasseryack"]
[Black "miguel7"]
[Result "0-1"]
[WhiteElo "1986"]
[BlackElo "1782"]

1. f4 e5 2. fxe5 d6 3. exd6 Bxd6 4. Nf3 g5 5. g3 h5 6. d3 g4 7. Nh4 Be7 8. Ng2
h4 9. Nf4 hxg3 10. h3 gxh3 11. Nxh3 Bh4 12. Bg2 Bg4 13. O-O Qe7 14. Nf4 Bf6 15.
Nd5 Bd4+ 16. e3 Qh4 17. Nxc7+ Kd7 18. Rxf7+ Kc8 19. Qe1 Qh2+ 20. Kf1 Bh3 21. Qe2
Qh1# 0-1

[Event "AUTO-MASTER-3245"]
[Site "http://www.queenalice.com/game.php?id=1849469"]
[Date "2024.12.29"]
[Round "1"]
[White "Esvir"]
[Black "yasseryack"]
[Result "1-0"]
[WhiteElo "1934"]
[BlackElo "1991"]

1. e4 c5 2. Bc4 e6 3. Nc3 b6 4. Nf3 Bb7 5. O-O Nc6 6. d4 Na5 7. Be2 c4 8. a3 Be7
9. d5 exd5 10. exd5 d6 11. Ne4 Ba6 12. Qd4 Nf6 13. Nfg5 O-O 14. Ng3 Rc8 15. Nf5
h6 16. Nh3 Rc5 17. Nf4 Kh7 18. Nxe7 Qxe7 19. Re1 Bb7 20. Bd3+ g6 21. Rxe7 cxd3
22. Qxd3 Kg8 23. Nxg6 Rxd5 24. Qc3 Rd1+ 25. Re1 Rxe1+ 26. Qxe1 fxg6 27. Bxh6 Re8
28. Qc3 Re6 29. h4 Re5 30. f4 Ne4 31. Qc7 Re8 32. Qg7# 1-0

[Event "AUTO-MASTER-3245"]
[Site "http://www.queenalice.com/game.php?id=1849470"]
[Date "2024.12.29"]
[Round "1"]
[White "yasseryack"]
[Black "Esvir"]
[Result "0-1"]
[WhiteElo "1941"]
[BlackElo "1935"]

1. f4 d5 2. g3 c5 3. Bg2 Nf6 4. d3 Bg4 5. h3 Bd7 6. Nf3 Nc6 7. O-O g6 8. b3 Bg7
9. Bb2 O-O 10. Nbd2 b5 11. d4 c4 12. c3 a5 13. a3 cxb3 14. Nxb3 Nh5 15. Qe1 e6
16. Nc5 Bc8 17. Nh4 f5 18. g4 fxg4 19. Bc1 gxh3 20. Bxh3 Qe7 21. Ng2 e5 22. Bxc8
Raxc8 23. Rb1 exd4 24. Rxb5 dxc3 25. e3 Na7 26. Rxa5 Rxc5 27. Rxc5 Qxc5 28. Kh2
Nc6 29. Qe2 Ne7 30. Ne1 Nf5 31. Qf3 Qc4 32. Nc2 Nhg3 33. Rf2 Ne4 34. Rf1 Nh4 35.
Qd1 Nd2 36. Bxd2 cxd2 37. Rf2 Qe4 38. Kh3 g5 39. Rxd2 gxf4 40. Rxd5 Qg2+ 41.
Kxh4 Bf6+ 42. Kh5 Qg6# 0-1

[Event "AUTO-MASTER-3245"]
[Site "http://www.queenalice.com/game.php?id=1849485"]
[Date "2024.12.29"]
[Round "1"]
[White "yasseryack"]
[Black "stoyan1"]
[Result "1-0"]
[WhiteElo "1977"]
[BlackElo "2079"]

1. f4 d5 2. g3 Nc6 3. Bg2 Bf5 4. Nf3 Nf6 5. d3 Qd6 6. O-O O-O-O 7. Qe1 e5 8. Nh4
g6 9. Nxf5 gxf5 10. fxe5 Qxe5 11. c3 Ng4 12. Bf4 Qe7 13. Qd2 h6 14. Na3 a6 15.
h3 Nge5 16. Bxe5 Qxe5 17. Qf4 Qxf4 18. Rxf4 Ne7 19. Nc2 Rg8 20. Kh2 Rd6 21. Raf1
Bg7 22. Ne3 Be5 23. R4f3 d4 24. Nxf5 Nxf5 25. Rxf5 Bxg3+ 26. Kh1 Re6 27. Be4
dxc3 28. bxc3 Rg7 29. Rxf7 Rxf7 30. Rxf7 Rb6 31. Kg2 Bd6 32. a4 Kd8 33. Kf3 Be7
34. Rf5 Rf6 35. Ke3 Re6 36. Rd5+ Bd6 37. Rf5 c6 38. Kd4 Kc7 39. Bf3 b5 40. a5
c5+ 41. Kd5 b4 42. Kxe6 bxc3 43. Rf7+ 1-0

[Event "AUTO-MASTER-3245"]
[Site "http://www.queenalice.com/game.php?id=1849486"]
[Date "2024.12.29"]
[Round "1"]
[White "stoyan1"]
[Black "yasseryack"]
[Result "1-0"]
[WhiteElo "2090"]
[BlackElo "1973"]

1. e4 c5 2. Nf3 b6 3. Bc4 Bb7 4. Nc3 e6 5. O-O Be7 6. d4 cxd4 7. Nxd4 Qc7 8. Bd3
a6 9. Qg4 Bf6 10. Nce2 Nh6 11. Bxh6 gxh6 12. Qh3 Bg7 13. c3 d6 14. f3 Nd7 15.
Rac1 Nc5 16. Bc2 O-O-O 17. b4 Nd7 18. a4 Kb8 19. Qg3 Bf6 20. Qf2 Rdg8 21. Bd3
Rg7 22. a5 Ne5 23. Nf4 Nxd3 24. Nxd3 Rhg8 25. g3 h5 26. Nf4 Rg5 27. Nfxe6 fxe6
28. Nxe6 Qd7 29. Nxg5 Rxg5 30. Qxb6 Rb5 31. Qe3 h4 32. Kg2 hxg3 33. hxg3 Rh5 34.
Rh1 Rxh1 35. Rxh1 Qg7 36. c4 Bg5 37. f4 Bf6 38. Kf3 Bd8 39. g4 h6 40. Rh5 Bc8
41. g5 hxg5 42. Rxg5 Bxg5 43. fxg5 Qf7+ 44. Qf4 Qe6 45. c5 Qb3+ 46. Kf2 Qxb4 47.
Qxd6+ Ka7 48. Qb6+ Qxb6 49. cxb6+ Kb7 50. g6 Be6 51. Ke3 Kc6 52. Kd4 Bb3 53. Ke5
Kd7 54. g7 Bg8 55. Kf6 Kc6 56. e5 Kb7 57. Ke7 Bh7 58. Kf7 Kc8 59. g8=Q+ Bxg8+
60. Kxg8 Kd7 61. Kf7 Kd8 62. e6 Kc8 63. e7 Kd7 64. e8=Q+ 1-0

[Event "AUTO-MASTER-3245"]
[Site "http://www.queenalice.com/game.php?id=1849487"]
[Date "2024.12.29"]
[Round "1"]
[White "yasseryack"]
[Black "Jsc"]
[Result "0-1"]
[WhiteElo "1967"]
[BlackElo "2062"]

1. f4 d5 2. g3 c5 3. Bg2 e6 4. Nf3 Nc6 5. O-O h5 6. d3 Bd7 7. Bd2 Qb6 8. Nc3 Be7
9. Na4 Qc7 10. b3 b5 11. Nc3 Qb6 12. a3 Nf6 13. a4 b4 14. Nb1 c4+ 15. Kh1 c3 16.
Be1 Ng4 17. Qc1 Bc5 18. h3 Ne3 19. Bf2 Nxf1 20. Bxc5 Nxg3+ 21. Kh2 Qxc5 22. Kxg3
Nd4 23. Nxd4 Qxd4 24. e3 h4+ 25. Kh2 Qc5 26. Qe1 a5 27. e4 dxe4 28. Qxe4 Rc8 29.
d4 Qc7 30. Qe5 Qxe5 31. fxe5 Bc6 32. Bf1 Be4 33. Ra2 Rh5 34. Kg1 Rf5 35. Na3
bxa3 36. Rxa3 Bxc2 37. Bc4 Bd1 38. Ra1 c2 39. Rc1 Rf4 40. d5 exd5 41. Bxd5 Rd4
42. Bc4 Rd2 43. Ba6 Rc5 44. e6 fxe6 45. Kf1 Re5 46. b4 axb4 47. Ra1 b3 48. Bb5+
Ke7 49. a5 Rxb5 50. a6 b2 51. Rxd1 cxd1=Q# 0-1

[Event "AUTO-MASTER-3245"]
[Site "http://www.queenalice.com/game.php?id=1849488"]
[Date "2024.12.29"]
[Round "1"]
[White "Jsc"]
[Black "yasseryack"]
[Result "0-1"]
[WhiteElo "2084"]
[BlackElo "1945"]

1. e4 c5 2. c3 b6 3. d4 e6 4. Bd3 Bb7 5. Ne2 Qc8 6. Nd2 Nf6 7. f3 Be7 8. O-O O-O
9. Qc2 cxd4 10. e5 Nd5 11. Bxh7+ Kh8 12. Ne4 g6 13. Bh6 Rd8 14. Bxg6 fxg6 15.
Nf6 Bxf6 16. exf6 Kh7 17. Bg5 Rf8 18. Nxd4 Nxf6 19. Rad1 Qc5 20. b4 Qxg5 0-1

[Event "AUTO-ADV-4817"]
[Site "http://www.queenalice.com/game.php?id=1850462"]
[Date "2025.1.17"]
[Round "2"]
[White "yasseryack"]
[Black "Fauquinelle"]
[Result "1-0"]
[WhiteElo "1970"]
[BlackElo "1972"]

1. f4 d5 2. g3 Bf5 3. Bg2 Nf6 4. b3 c6 5. Bb2 Nbd7 6. Nf3 Qb6 7. Nd4 Be4 8. Bxe4
Nxe4 9. e3 e5 10. fxe5 O-O-O 11. O-O f6 12. exf6 Ndxf6 13. Ne6 Rd6 14. Bd4 c5
15. Nxc5 Nxc5 16. Nc3 Qc7 17. Nb5 Qc6 18. Nxa7+ 1-0

[Event "AUTO-ADV-4817"]
[Site "http://www.queenalice.com/game.php?id=1850463"]
[Date "2025.1.17"]
[Round "2"]
[White "Fauquinelle"]
[Black "yasseryack"]
[Result "0-1"]
[WhiteElo "1918"]
[BlackElo "1997"]

1. e4 c5 2. Nf3 b6 3. Bc4 Bb7 4. Ng5 e6 5. d4 h6 6. Nf3 Nc6 7. d5 Na5 8. dxe6
fxe6 9. Bd3 c4 10. Be2 Qc7 11. Nc3 Bb4 12. Nd2 Bxc3 13. bxc3 O-O-O 14. O-O Nf6
15. f3 d5 16. Bb2 dxe4 17. Qe1 e3 18. Nb1 Qe5 19. a4 Qg5 20. Na3 Nh5 21. Nxc4
Nxc4 22. Bxc4 Rd2 23. Bxe6+ Kc7 24. Bg4 Ba6 25. a5 Bxf1 26. axb6+ Kxb6 27. Qxf1
e2 28. Qf2+ Qc5 29. Qxc5+ Kxc5 30. Ba3+ Kd5 31. Re1 Nf4 32. Bf5 Re8 33. g3 Rd1
34. Kf2 Rxe1 35. Kxe1 Ng2+ 0-1

[Event "AUTO-ADV-4854"]
[Site "http://www.queenalice.com/game.php?id=1854255"]
[Date "2025.3.21"]
[Round "1"]
[White "SGF"]
[Black "yasseryack"]
[Result "0-1"]
[WhiteElo "1651"]
[BlackElo "1939"]

1. e4 c5 2. Qf3 Nc6 3. c3 b6 4. Bc4 e6 5. e5 Bb7 6. Qg3 Nge7 7. f4 Nf5 8. Qf2
Be7 9. g3 O-O 10. h4 Na5 11. Nf3 Nxc4 12. b3 Na5 13. Rg1 d6 14. g4 Nxh4 15. exd6
Nxf3+ 16. Kf1 Bh4 17. Qe3 Qf6 18. Na3 Bc6 19. Nc4 Nxc4 20. bxc4 Rad8 21. g5 Qf5
22. d3 Rxd6 23. Ba3 Rxd3 24. Qe2 Nd2+ 25. Qxd2 Rxd2 26. Bc1 Qxf4# 0-1

[Event "AUTO-ADV-4854"]
[Site "http://www.queenalice.com/game.php?id=1854261"]
[Date "2025.3.21"]
[Round "1"]
[White "ricardoaurelio"]
[Black "yasseryack"]
[Result "1-0"]
[WhiteElo "1953"]
[BlackElo "1958"]

1. e4 c5 2. Nc3 b6 3. Nf3 Bb7 4. Bc4 e6 5. d3 Be7 6. O-O Nf6 7. Bf4 Nc6 8. h3
Nh5 9. Be3 O-O 10. Qd2 Na5 11. Bb3 Nxb3 12. axb3 a6 13. Bg5 Bxg5 14. Nxg5 f5 15.
Nf3 b5 16. Rfe1 d5 17. exd5 exd5 18. d4 c4 19. b4 Qf6 20. Re5 Rad8 21. Rae1 Bc8
22. Nxd5 Rxd5 23. Rxd5 Bb7 24. Rde5 Bxf3 25. gxf3 Qh4 26. Re8 Qxh3 27. Rxf8+
Kxf8 28. Qe3 Nf6 29. Qe7+ Kg8 30. Re3 Qh5 31. Qe6+ Kf8 32. Qxa6 f4 33. Ra3 Kf7
34. Qc6 Kg6 35. Ra6 Qg5+ 36. Kf1 Kh5 37. Qc5 Qxc5 38. bxc5 h6 39. Rxf6 gxf6 40.
c6 Kg6 41. c7 1-0

[Event "AUTO-ADV-4854"]
[Site "http://www.queenalice.com/game.php?id=1854262"]
[Date "2025.3.21"]
[Round "1"]
[White "yasseryack"]
[Black "ricardoaurelio"]
[Result "0-1"]
[WhiteElo "1942"]
[BlackElo "1969"]

1. f4 Nc6 2. g3 Nf6 3. Bg2 e6 4. d3 d5 5. Nf3 h6 6. Bd2 Bc5 7. e3 O-O 8. O-O b5
9. Nc3 a6 10. Qe1 Bb7 11. a3 d4 12. Ne4 dxe3 13. Nxf6+ Qxf6 14. Bxe3 Bxe3+ 15.
Qxe3 Qxb2 16. Qc5 Rfd8 17. Qf2 Rab8 18. a4 b4 19. Rab1 Qc3 20. Rb3 Qf6 21. Nd2
a5 22. Ne4 Qd4 23. Nc5 Qxf2+ 24. Rxf2 Ba8 25. c3 bxc3 26. Rxb8 Rxb8 27. Rc2 Nd4
28. Rf2 Bxg2 29. Kxg2 c2 30. Rxc2 Nxc2 31. Kf3 Rb2 32. h4 Nd4+ 33. Ke4 Nc6 34.
g4 Re2+ 35. Kf3 Nd4+ 36. Kg3 f5 37. gxf5 Nxf5+ 38. Kf3 Re3+ 39. Kf2 Kf7 40. Nd7
Rh3 41. Ne5+ Ke8 42. Nf3 Nxh4 43. Ne5 Nf5 44. Nf3 c5 45. Kg2 Rg3+ 46. Kf2 Rg4
47. Ne5 Rxf4+ 48. Ke2 Rxa4 49. Nc4 Rxc4 50. dxc4 h5 51. Kf3 g5 52. Ke4 a4 53.
Ke5 Ke7 54. Ke4 a3 55. Kd3 a2 0-1

[Event "AUTO-OPEN-4583"]
[Site "http://www.queenalice.com/game.php?id=1854297"]
[Date "2025.3.21"]
[Round "1"]
[White "askasl159"]
[Black "yasseryack"]
[Result "0-1"]
[WhiteElo "1911"]
[BlackElo "1943"]

1. e4 c5 2. b4 cxb4 3. a3 bxa3 4. Bxa3 Nc6 5. Nf3 d6 6. d4 e6 7. d5 Nb8 8. Bb5+
Bd7 9. Bxd7+ Qxd7 10. O-O Be7 11. Nc3 Bf6 12. Qd3 Bxc3 13. Qxc3 Nf6 14. Rfe1 O-O
15. dxe6 Qxe6 16. Nd4 Qe5 17. h3 Nbd7 18. Qd3 Nh5 19. Nf5 Nc5 20. Qxd6 Qxd6 21.
Nxd6 b6 22. Bxc5 bxc5 23. Ra5 g6 24. Rxc5 Nf6 25. e5 Nd7 26. e6 Nxc5 27. e7 Rfe8
28. Nxe8 Rxe8 29. f4 f5 30. g4 Ne4 0-1

[Event "AUTO-OPEN-4583"]
[Site "http://www.queenalice.com/game.php?id=1854298"]
[Date "2025.3.21"]
[Round "1"]
[White "yasseryack"]
[Black "askasl159"]
[Result "1-0"]
[WhiteElo "1925"]
[BlackElo "1876"]

1. f4 d5 2. g3 h6 3. Bg2 Nf6 4. d3 Bf5 5. Nf3 Nc6 6. O-O Qd6 7. Qe1 e5 8. fxe5
Nxe5 9. Bf4 Nfd7 10. Nxe5 Nxe5 11. d4 Qb6 12. Bxe5 Qe6 13. Qc3 Rc8 14. Qb3 Bh3
15. Bxd5 Qb6 16. Qxb6 cxb6 17. Rxf7 Bd7 18. c4 Bc6 19. Bxc6+ Kxf7 20. Bd5+ Kg6
21. Nc3 Bb4 22. Nb5 a6 23. Nc3 Bxc3 24. bxc3 Rhe8 25. Rf1 h5 26. Bf7+ Kh6 27.
Bxe8 1-0

[Event "AUTO-OPEN-4583"]
[Site "http://www.queenalice.com/game.php?id=1854317"]
[Date "2025.3.21"]
[Round "1"]
[White "silverado"]
[Black "yasseryack"]
[Result "1-0"]
[WhiteElo "2001"]
[BlackElo "1925"]

1. d4 e6 2. e4 c5 3. c3 b6 4. d5 d6 5. dxe6 Bxe6 6. Qh5 Qd7 7. f3 h6 8. Na3 Nc6
9. g4 g6 10. Qh4 Bg7 11. Bb5 a6 12. Bxc6 Qxc6 13. Ne2 Bf6 14. Qh3 O-O-O 15. Nf4
Bd7 16. Nd5 Re8 17. Nc4 Bd8 18. O-O b5 19. Nce3 Re5 20. a3 Rh5 21. Qg2 Rh4 22.
f4 h5 23. g5 Rh3 24. f5 Rh4 25. Bd2 c4 26. Be1 Rxe4 27. Qxe4 Ne7 28. Nxe7+ Bxe7
29. Qxe7 Re8 30. Qxf7 Rxe3 31. fxg6 Qc5 32. Bf2 Qxg5+ 33. Bg3 h4 34. Qf8+ Kc7
35. Qxd6+ Kd8 36. Rf8+ Re8 37. Rxe8+ Kxe8 38. Re1+ Kd8 39. Qc7# 1-0

[Event "AUTO-OPEN-4583"]
[Site "http://www.queenalice.com/game.php?id=1854329"]
[Date "2025.3.21"]
[Round "1"]
[White "yasseryack"]
[Black "delphicoracle"]
[Result "0-1"]
[WhiteElo "1927"]
[BlackElo "2657"]

1. f4 g6 2. g3 Bg7 3. Bg2 c5 4. Na3 Nf6 5. e4 d6 6. Bf3 Nc6 7. c3 O-O 8. Qe2 e5
9. d3 d5 10. exd5 Nxd5 11. Bd2 exf4 12. O-O-O Re8 13. Qf2 Ne5 14. Bxf4 Nxf4 15.
Be4 Nfxd3+ 16. Bxd3 Nxd3+ 17. Rxd3 Qxd3 18. Nc2 Bh6+ 0-1